LEADER 01099nam0-22003251i-450- 001 990004358550403321 005 20050323102246.0 010 $a3-548-03269-9 035 $a000435855 035 $aFED01000435855 035 $a(Aleph)000435855FED01 035 $a000435855 100 $a19990604d1976----km-y0itay50------ba 101 0 $aita 105 $ay-------001yy 200 1 $a<>Primat der Innenpolitik$eGesammelte Aufsatze zur preussisch-deutschen Sozialgeschichte im 19. und 20. Jahrhundert$fEckart Kehr$ghrsg. und eingeleitet von Hans-Ulrich Wehler$gmit einem vorwort von Hans Herzfeld 205 $aText d. 2. durchges. Aufl. 210 $aFrankfurt/M$cUllstein$d1976. 215 $aVIII, 292 p.$d18 cm 676 $a320.943$v21$zita 700 1$aKehr,$bEckart$0174199 702 1$aHerzfeld,$bHans$f<1892-1982> 702 1$aWehler,$bHans-Ulrich$f<1931- > 801 0$aIT$bUNINA$gRICA$2UNIMARC 901 $aBK 912 $a990004358550403321 952 $a320.94 KEH 1$bI.st.r.c.2294$fFLFBC 959 $aFLFBC 996 $aPrimat der Innenpolitik$9539918 997 $aUNINA LEADER 02421oam 2200685I 450 001 9910454908003321 005 20200520144314.0 010 $a1-134-92502-6 010 $a1-138-17776-8 010 $a1-280-32272-1 010 $a0-203-41346-6 024 7 $a10.4324/9780203413463 035 $a(CKB)111056485513082 035 $a(EBL)166362 035 $a(OCoLC)304076568 035 $a(SSID)ssj0000262472 035 $a(PQKBManifestationID)11205101 035 $a(PQKBTitleCode)TC0000262472 035 $a(PQKBWorkID)10286482 035 $a(PQKB)11447029 035 $a(MiAaPQ)EBC166362 035 $a(Au-PeEL)EBL166362 035 $a(CaPaEBR)ebr10060740 035 $a(CaONFJC)MIL32272 035 $a(OCoLC)52157709 035 $a(EXLCZ)99111056485513082 100 $a20180331d1992 uy 0 101 0 $aeng 135 $aur|n|---||||| 181 $ctxt 182 $cc 183 $acr 200 10$aTropical rainforests /$fChris C. Park 210 1$aLondon ;$aNew York :$cRoutledge,$d1992. 215 $a1 online resource (203 p.) 300 $aDescription based upon print version of record. 311 $a0-203-31596-0 311 $a0-415-06239-X 320 $aIncludes bibliographical references (p. 172-180) and index. 327 $aBook Cover; Title; Contents; List of Plates; List of Figures and Tables; Acknowledgements; THE TROPICAL RAINFOREST: HISTORY AND ENVIRONMENT; DESTRUCTION OF THE RAINFOREST: RATES OF LOSS; CAUSES AND PROCESSES OF CLEARANCE; IMPACTS AND COSTS OF DESTRUCTION; FOREST PEOPLES; POSSIBLE SOLUTIONS; Notes; References; Index 330 $aTropical Rainforests takes a broad, fresh perspective on the ecology, environment and people of the world's most vital ecosystem, using case studies from all the major forest areas 517 3 $aTropical rain forests 606 $aHuman ecology$zTropics 606 $aDeforestation$zTropics 606 $aRain forest conservation 606 $aForest management$zTropics 608 $aElectronic books. 615 0$aHuman ecology 615 0$aDeforestation 615 0$aRain forest conservation. 615 0$aForest management 676 $a304.2/0915/2 700 $aPark$b Chris C.$034561 801 0$bMiAaPQ 801 1$bMiAaPQ 801 2$bMiAaPQ 906 $aBOOK 912 $a9910454908003321 996 $aTropical rainforests$92232013 997 $aUNINA